| 000 | 00655nam a2200229Ia 4500 | ||
|---|---|---|---|
| 005 | 20251020182435.0 | ||
| 008 | 200515s9999 xx 000 0 und d | ||
| 082 | _a377.4/D69 | ||
| 100 | _aDIAZ FERNANDEZ, Osvaldo E. | ||
| 245 | 0 | _aSeminário Internacional sobre Fomaçao Profissional Comparada na América Latina | |
| 260 | _aSão Paulo | ||
| 260 | _bINFOTEP | ||
| 260 | _c1984 | ||
| 300 | _a72 | ||
| 300 | _btbl. | ||
| 500 | _a1 ejemplar | ||
| 520 | _aAspectos considerados para el desarrollo de la formación profesional en América Latina. | ||
| 650 | _aADMINISTRACION | ||
| 650 | _aFORMACION PROFESIONAL | ||
| 942 | _cLIB | ||
| 999 |
_c359 _d359 |
||